| Registos Bibliográficos associados ao registo de autoridade |
|
Etiqueta de registo: 00379nas 2200205 450 001 2284412 003 http://id.bnportugal.gov.pt/bib/catbnp/2284412 100 ## $a20260414b18991899m y0pory01030103ba 101 0# $apor 102 ## $aPT 106 ## $ae 110 ## $accazz 0uu0 200 1# $a O Recreio Infantil$esemanario de instrucção e recreio 207 #0 $aA. 1, nº 1 (1 out. 1899) - a. 1, nº 13 (24 dez. 1899) 210 #9 $aPorto$c[Livraria Portuense],$d1899 215 ## $d22 cm 304 ## $aEdição da Biblioteca Académica de Instrução e Recreio 304 ## $aTeve como redator: Ricardo Jorge 317 ## $aColeção Leandro Morais Sarmento$5PTBN: L.M.S. 95 326 ## $aSemanal 620 ## $dPorto 675 ## $a087.5(05)(469)"18"$vmed$zpor$31995732 702 #1 $aJorge,$bRicardo,$f1858-1939$4340$344910 712 02 $aBiblioteca Académica de Instrução e Recreio$c(Porto)$4650$31995728 801 #0 $aPT$bBN$gRPC 966 ## $lBN$mFGJOR$pBiblioteca particular Leandro de Moraes Sarmento$sL.M.S. 95 $x3
|
|
|